[Event "HCL-B166"]
[Site "www.playchess.de"]
[Date "2001.02.15"]
[Round "1"]
[White "adamant"]
[Black "rockmountain"]
[WhiteElo "885"]
[BlackElo "1200"]
[PlyCount "35"]
[Result "1-0"]

1.c4 d6 2.Nc3 e5 3.d3 Nc6 4.g3 Nf6 5.Bg2 Be7 6.Nf3 
O-O 7.e4 a5 8.O-O b6 9.Be3 a4 10.Nd2 Ba6 11.f4 Ng4 
12.Qxg4 {???}  Qb8 13.f5 Bf6 14.Nd5 Qd8 {sorry 
haven't been email to move}  15.Nxf6+ {!!}  Qxf6 
16.Bg5 Qh6 17.Bxh6 {Should have taken the bishop.} 
 Kh8 {stupid move learing bear with me ty}  
18.Qxg7+ 1-0

[Event "HCL-B166"]
[Site "www.playchess.de"]
[Date "2001.02.15"]
[Round "12"]
[White "Fabian"]
[Black "rockmountain"]
[WhiteElo "1449"]
[BlackElo "1200"]
[PlyCount "41"]
[Result "1-0"]

1.d4 {Hello and good luck!}  d5 {goodluck glad to 
meet u}  2.c4 Nc6 3.Nf3 dxc4 4.e3 e6 5.Bxc4 Nf6 
6.Nc3 Bb4 7.O-O O-O 8.Re1 Bxc3 9.bxc3 Ne4 10.Qc2 
f5 11.Bd3 a5 12.Nd2 Nxd2 13.Qxd2 a4 14.a3 e5 
15.Bc4+ Kh8 16.Bb2 exd4 {sorry was not notiedfy to 
move}  17.cxd4 Qf6 18.d5 b5 19.Bxf6 Rxf6 20.dxc6 
bxc4 21.Qd8+ 1-0

[Event "HCL-C173"]
[Site "www.playchess.de"]
[Date "2001.02.15"]
[Round "8"]
[White "heZZZie"]
[Black "tiberiuskirk"]
[WhiteElo "810"]
[BlackElo "1102"]
[PlyCount "21"]
[Result "1-0"]

1.e4 e6 2.d4 d5 3.Nc3 Bb4 4.Bd2 dxe4 5.Qg4 Qxd4 
6.O-O-O Bxc3 7.Bxc3 Nf6 8.Qxg7 Rg8 9.Bxd4 Rxg7 
10.Bxf6 Rg6 11.Rd8+ {good game} 
 1-0

[Event "ACL-A092"]
[Site "www.playchess.de"]
[Date "2001.02.15"]
[Round "8"]
[White "Smutje"]
[Black "plobi"]
[WhiteElo "1114"]
[BlackElo "1308"]
[PlyCount "42"]
[Result "0-1"]

1.e3 e5 {so schnell kommt man zu einer revanche 
...}  2.Qf3 {jo!}  d5 3.Nc3 Nf6 4.h3 Nc6 5.g4 Nb4 
6.Kd1 e4 7.Qf4 Bd6 8.Qg5 h6 9.Qxg7 Rh7 10.Qxh7 
Nxh7 11.a3 Qf6 12.axb4 Qf3+ 13.Nge2 Qxh1 14.Ng3 
Bxg3 15.Ke1 Bh4 16.Ra5 Ng5 17.Rxd5 Bxf2+ 18.Kxf2 
Qh2+ {tja, nachdem du bei meinem 12. zug einen 
kapitalen fehler übersehen hast, nähern wir uns 
dem ende ..}  19.Ke1 {was fürn fehler?}  Nf3+ 
{tja, du hättest mit deinem 13. zug meine dame 
schlagen können ...}  20.Kd1 {hab ich nicht 
gesehen, wir koennen uns ja auf remis einigen 
oder!}  Qf2 {danke fürs angebot, aber nach langen 
überlegungen muß ich leider ablehnen ...}  21.Be2 
{das wars denn wohl!}  Qe1+ 0-1

[Event "HCL-B171"]
[Site "www.playchess.de"]
[Date "2001.02.15"]
[Round "2"]
[White "Blitzmich"]
[Black "pird"]
[WhiteElo "1902"]
[BlackElo "1498"]
[PlyCount "59"]
[Result "1-0"]

1.e4 {Hi, auf ein gutes Spiel! Gruß Ralf}  c6 
{Good luck}  2.d4 d5 3.e5 Bf5 4.Nd2 e6 5.Nb3 Nd7 
6.Nf3 c5 7.dxc5 Nxc5 8.Bb5+ Nd7 9.Nbd4 Bg6 10.O-O 
Bc5 11.Nb3 Bb6 12.Be3 Bxe3 13.fxe3 Ne7 14.Nc5 Nc6 
15.Nxb7 Qb6 16.Bxc6 Qxc6 17.Nd6+ Ke7 18.Qd4 Nxe5 
19.Nf5+ Bxf5 20.Nxe5 Qb6 21.c4 Qxd4 22.exd4 dxc4 
23.Rac1 Rhc8 24.Nxc4 Bd3 25.Rxf7+ Kxf7 26.Nd6+ Ke7 
27.Rxc8 Rxc8 28.Nxc8+ Kd7 29.Nxa7 Kc7 
30.a4 1-0

[Event "HCL-C177"]
[Site "www.playchess.de"]
[Date "2001.02.15"]
[Round "5"]
[White "German04"]
[Black "dg"]
[WhiteElo "1220"]
[BlackElo "1115"]
[PlyCount "30"]
[Result "0-1"]

1.e4 e5 2.Nf3 Nc6 3.Nc3 d6 4.d3 Nf6 5.Be3 Bg4 
6.Be2 g6 7.O-O Bxf3 8.Bxf3 Bg7 9.Bg5 O-O 10.Nd5 h6 
11.Nxf6+ Bxf6 12.Bxh6 Bg7 13.Qd2 Nd4 14.Bxg7 Nxf3+ 
15.Kh1 Nxd2 0-1

[Event "HCL-C177"]
[Site "www.playchess.de"]
[Date "2001.02.15"]
[Round "10"]
[White "German04"]
[Black "craigsadler"]
[WhiteElo "1220"]
[BlackElo "354"]
[PlyCount "49"]
[Result "1-0"]

1.e4 c6 2.Nf3 d5 3.exd5 cxd5 4.d4 Nf6 5.Ne5 Nbd7 
6.Bb5 Qc7 7.Bf4 Qa5+ 8.Nc3 a6 9.Bxd7+ Nxd7 10.O-O 
Nxe5 11.Bxe5 e6 12.Qg4 Rg8 13.Ne2 g6 14.Nf4 Bg7 
15.Bxg7 Rxg7 16.Nh5 e5 17.Nxg7+ Ke7 18.Qg5+ Kd6 
19.Qxe5+ Kc6 20.Ne8 Qb4 21.Nc7 Ra7 22.Nxd5 Qxb2 
23.Rab1 Qxc2 24.Rb6+ Kd7 25.Qe7+ 1-0

[Event "HCL-C172"]
[Site "www.playchess.de"]
[Date "2001.02.15"]
[Round "20"]
[White "Edik"]
[Black "dg"]
[WhiteElo "1000"]
[BlackElo "1110"]
[PlyCount "41"]
[Result "1/2-1/2"]

1.e4 e5 2.Nf3 Nc6 3.Bb5 d6 4.d4 Bd7 5.Nc3 exd4 
6.Nxd4 Nxd4 7.Bxd7+ Qxd7 8.Qxd4 Nf6 9.O-O Be7 
10.Nd5 O-O 11.Bg5 Nxd5 12.Qxd5 c6 13.Qd2 h6 
14.Bxe7 Qxe7 15.Rfe1 f6 16.f3 Rfd8 17.Rad1 Qe6 
18.a3 Qc4 19.Qd3 Qf7 20.c4 a6 21.a4 1/2-1/2

[Event "HCL-B174"]
[Site "www.playchess.de"]
[Date "2001.02.15"]
[Round "21"]
[White "rafita"]
[Black "Scaleo"]
[WhiteElo "1365"]
[BlackElo "1500"]
[PlyCount "43"]
[Result "1-0"]

1.d4 {hello, good luck!}  d5 {THX}  2.c4 c6 3.Nc3 
Nf6 4.cxd5 cxd5 5.Nf3 Nc6 6.Bf4 Nh5 7.Bg5 Qb6 
8.Qd2 e6 9.e3 Bd7 10.Be2 Be7 11.Bxe7 Nxe7 12.Ne5 
Nf6 13.O-O Nc6 14.Nxc6 bxc6 {it is draw!}  15.Na4 
{probably, but I would prefer to play on}  Qb7 
16.Nc5 Qc8 17.a3 O-O 18.b4 Re8 19.Qc3 Qc7 20.Rfc1 
Rac8 21.Ba6 Rcb8 22.Nxd7 1-0

[Event "HCL-A075"]
[Site "www.playchess.de"]
[Date "2001.02.15"]
[Round "33"]
[White "paule"]
[Black "CheckMaster"]
[WhiteElo "1955"]
[BlackElo "1700"]
[PlyCount "21"]
[Result "1-0"]

1.e4 c5 2.c3 Nc6 3.d4 cxd4 4.cxd4 d5 5.exd5 Qxd5 
6.Nf3 Bg4 7.Nc3 Qa5 8.d5 O-O-O 9.Bd2 Ne5 10.Nb5 
Qxd2+ {I bet I can give away all my pieces before 
you (LOL)}  11.Qxd2 {What means "LOL"?} 
 1-0

[Event "HCL-B176"]
[Site "www.playchess.de"]
[Date "2001.02.15"]
[Round "12"]
[White "dakini"]
[Black "Stefan"]
[WhiteElo "1414"]
[BlackElo "1417"]
[PlyCount "46"]
[Result "0-1"]

1.e4 {Hi! Nice to meet here again! I just got the 
news to play B ...}  d6 {Hello}  2.d4 {I hate 
"french" ...  :-))}  Nf6 {Me too, but this is 
pirc.French is 1e4 e6.}  3.Nc3 g6 4.Nf3 Bg7 5.Bc4 
O-O 6.Nd5 {Today I´m sitting in an cubanian 
restaurant in Heidelberg. Nice music and girls 
here ...}  Nxe4 7.Qe2 e6 8.Qxe4 exd5 9.Bxd5 Re8 
10.Ne5 {I haven´t seen it! Today is no good day 
for me! Better to stop now.}  dxe5 {Some days 
playing chess is a bad idea. I have thoose days to 
:-(}  11.O-O {That´s exactly right. These are my 
last tournements for a while}  exd4 12.Qf3 Qf6 
13.Qd3 Nc6 14.Bd2 Ne5 15.Qb5 c6 {?}  16.Bxf7+ Qxf7 
17.Qc5 b6 {*}  18.Qa3 Nc4 19.Qb4 {good morning!   
here is my most horrifying game. Bad day 
yesterday! How are you?}  c5 20.Qb5 Nxd2 21.Rfe1 
Nf3+ 22.Kf1 Rxe1+ 23.Rxe1 Nxe1 0-1

[Event "ACL-A095"]
[Site "www.playchess.de"]
[Date "2001.02.15"]
[Round "1"]
[White "vishnawathen"]
[Black "Stephen21"]
[WhiteElo "1500"]
[BlackElo "1699"]
[PlyCount "26"]
[Result "1-0"]

1.e4 d5 2.Nc3 dxe4 3.Nxe4 Qd5 4.Nxe4 Bf5 5.Bd3 Qe6 
6.c4 Nf6 7.Qf3 Bxe4 8.Ne2 Nxe4 9.Bxe4 g6 10.O-O 
Qxc4 11.Nf4 Ng5 12.d3 Qc6 13.Qxb7 
Qc8+ 1-0

[Event "ACL-A096"]
[Site "www.playchess.de"]
[Date "2001.02.15"]
[Round "14"]
[White "daniela"]
[Black "Stef"]
[WhiteElo "1500"]
[BlackElo "1500"]
[PlyCount "21"]
[Result "1-0"]

1.e4 {Hallo, ich hoffe, dass uns ein interessantes 
Spiel gelingt und wünsche dir viel Spaß!}  e5 
{hoff ich auch}  2.f4 {Wie wärs mit einem 
Königsgambit?}  exf4 {sowit bin ich beim 
schachspielen noch nicht, dass ich weiß, was das 
ist}  3.Nf3 {jedenfalls kann es zu sehr scharfen 
Kombinationen kommen}  Nf6 {mach mir keine angst}  
4.e5 {war nicht meine Absicht - ist doch außerdem 
nur ein Spiel!}  Ne4 {war nur ironisch gemeint. 
bloß hatte ich den ironiesmiley vergessen}  5.Bc4 
{achso - Se4 hatte ich noch nicht in dieser 
Stellung. na mal schau'n!}  Qh4+ {schach.}  6.Nxh4 
{nun nicht mehr!}  Be7 {ohne dame kann ich das 
spiel schon wieder vergessen}  7.Qg4 {ich denke 
auch, dass es sich schon schwerer spielt, aber 
noch ist nichts entschieden}  Bxh4+ 8.Qxh4 O-O 
9.Bd3 d5 10.Nc3 {Wie siehts in deinen anderen 
Spielen aus? Ich kann noch gar nichts sagen, ist 
alles so lalalala ...}  Nxc3 {sieht eher schlecht 
aus}  11.Qxh7+ 1-0

[Event "HCL-C190"]
[Site "www.playchess.de"]
[Date "2001.02.15"]
[Round "3"]
[White "Lila_BRik"]
[Black "nikolayk"]
[WhiteElo "800"]
[BlackElo "1000"]
[PlyCount "46"]
[Result "0-1"]

1.Nh3 Nc6 2.e4 Nf6 3.Bb5 Nxe4 4.d3 Nf6 5.Bg5 e5 
6.O-O d5 7.Re1 Bd6 8.f4 O-O 9.g4 Bxg4 10.Nf2 Bxd1 
11.Bxc6 bxc6 12.fxe5 Bxc2 13.exd6 Qxd6 14.Na3 Bxd3 
15.Nxd3 Ng4 16.Bf4 Qg6 17.Nc1 Ne3+ 18.Bg3 Rfe8 
19.Re2 Nf5 20.Rg2 Nxg3 21.Rxg3 Re1+ 22.Kf2 Qe4 
23.Ne2 Qxe2+ 0-1

[Event "HCL-B164"]
[Site "www.playchess.de"]
[Date "2001.02.15"]
[Round "34"]
[White "Vampyr"]
[Black "Bill"]
[WhiteElo "1728"]
[BlackElo "1038"]
[PlyCount "24"]
[Result "0-1"]

1.e4 e5 2.Nf3 Nc6 3.Bb5 a6 4.Ba4 f5 5.Nc3 fxe4 
6.Nxe4 b5 7.Bb3 d5 8.Nc3 Nf6 {I'll be away Feb 19 
- 23}  9.d4 exd4 10.Nxd4 Nxd4 11.Qxd4 Qe7+ 12.Be3 
c5 0-1

[Event "HCL-C185"]
[Site "www.playchess.de"]
[Date "2001.02.15"]
[Round "6"]
[White "wael"]
[Black "Davey"]
[WhiteElo "1000"]
[BlackElo "1000"]
[PlyCount "25"]
[Result "1-0"]

1.e4 {hi}  e5 2.Nf3 Nc6 3.Bc4 Nf6 4.d4 Nxe4 5.dxe5 
Bc5 6.Qd5 Bxf2+ 7.Kf1 O-O 8.Qxe4 Bc5 9.Nc3 d6 
10.Bg5 Qe8 11.Bd3 f5 12.f6 gxf6 
13.Qxh7+ 1-0

[Event "HCL-B186"]
[Site "www.playchess.de"]
[Date "2001.02.15"]
[Round "10"]
[White "Bauernopfer"]
[Black "Gruhni"]
[WhiteElo "1307"]
[BlackElo "1320"]
[PlyCount "61"]
[Result "1/2-1/2"]

1.e4 {Und schon wieder weiß!!!! :-)}  c5 {Ja, das 
wird mir langsam unheimlich!}  2.Nf3 {Jetzt mal 
wieder Sizilianisch. Warum hast du vorhin 
eigentlich nicht die Damianos-Verteidigung gespi}  
Nc6 {Die kann ich dir doch nicht zumuten ;)}  
3.Nc3 {Du kennst Sie? e4 e5; Sf3 f6!?}  e6 
{Natürlich. Die Eröffnung kennt doch jeder ;)}  
4.d4 {Kannst du mal der Doris sagen (ACL A057), 
daß sie mal spielen soll. (chessman)}  cxd4 {Sag's 
ihr doch selber!}  5.Nxd4 {Hab ich. Der mladsir 
spielt vielleicht schlecht.}  Bb4 {Also gegen mich 
sieht's nach Remis aus!}  6.Nxc6 {Habe gerade eine 
Damen-König-Gabel. Einen Turm und eine Leichtfigur 
hat er auch verloren}  Bxc3+ {Wenn's scheisse 
läuft, dann geht halt nichts! Vielleicht spielt er 
ja auf Patt :)}  7.bxc3 {Mist, Doppelbauer. Aber 
Zentral!!! :-)}  bxc6 {Passt schon!}  8.Qd6 {Ich 
könnte auch am Wochende das erste Mal Zeitprobleme 
bekommen (gegen rafita)}  Qe7 {Scheisse, was ein 
unangenehmer Zug!}  9.Bf4 {Du hast ja gestern 
mächtig viel Punkte verloren.}  Nf6 {Yogibear ist 
in der anderen Gruppe einstiegen, so viel zum 
Thema Favorit :)}  10.Bd3 {Hab es gesehen. Mist! 
Hier übrigens letzter Zug.}  Qxd6 11.Bxd6 {So, 
weiter gehts.}  Kd8 {Oh Mann! Hier sieht's ja 
genauso beschissen aus :(}  12.Rb1 {Tja, bei 50 
Spielen gleichzeitig verliert man halt die 
übersicht.}  Ne8 13.Bg3 {.}  d6 {Luft!}  14.h3 
{Kommst du heut abend. Wir müssen einiges 
besprechen (u.a. Blitzturnier!).}  e5 {Ich habe es 
vor.}  15.O-O {Aber 100%ig. (Wechsel)}  Ke7 
{Yepp!}  16.f4 {Angriff!}  f6 {Stimmt!}  17.Kf2 
{So, jetzt geht´s mal hier wieder weiter.}  Nc7 
{Irgendwie stehen mir die Figuren immer noch im 
Weg rum!}  18.Rfd1 {Irgendwie kommen wir hier 
nicht mehr weiter.}  Na6 {Klar komme ich weiter! 
Stück, für Stück, für Stück ...}  19.Kf3 {Stück 
für Stück zum Ende}  Nc5 20.Bf2 Nxd3 {Ok, Remis!}  
21.cxd3 {Hier spielen wir noch ein bißchen.}  Ba6 
{Ach ja?}  22.f5 {Und was machen wir jetzt mit dem 
4er-Pokal?}  c5 {Ich werde Holger nochmal fragen, 
der hat ja nur für Sonntag abgesagt!}  23.d4 {Was 
ist mit Marten. Die Semesterferien beginnen doch 
am Freitag.}  cxd4 24.cxd4 {Ich brauch ja morgens 
fast ne Stunde bis ich überall gespielt hab.}  
Rhc8 {Ruf Marten doch an, ich glaube net dass er 
Zeit und Lust hat.}  25.Rdc1 {Hast du einen 2. 
Account. Im 9er-Turnier gibt es einen chessman.}  
Kd7 {Ich habs gesehen und mich auch gleich 
eingetragen ;)}  26.g3 {Marten kannst auch du 
anrufen.}  Rxc1 {Nö, ich glaub' ja nicht, dass er 
spielt ;) Trag dich doch auch in das Turnier mit 
Chessman ein!}  27.Rxc1 {Nein, habe zur Zeit 30 
Partien laufen. Erst wieder wenn unter 20.}  Bb5 
{Ich habe momentan 50 und bin unausgelastet :)}  
28.Rb1 {Gibt es noch eine freie Stelle bei 
Tevonis? *g*}  Ba6 {Scheisse! Ich komme nicht 
weiter!}  29.Be3 {Du bietest mir bereits das 
vierte Mal in dieser Partie Remis. Laß uns 
weiterspielen.}  Bc8 {Ok, wenn du einen Siegesplan 
hast, dann versuch' ihn durchzuziehen :)}  30.a3 
{Nee, bisher noch nicht. Aber vielleicht kommt die 
Erleuchtung noch.}  a6 {... oder das böse Erwachen 
:)}  31.dxe5 {OK, dann halt remis.} 
 1/2-1/2

[Event "HCL-B184"]
[Site "www.playchess.de"]
[Date "2001.02.15"]
[Round "5"]
[White "German04"]
[Black "Gruhni"]
[WhiteElo "1222"]
[BlackElo "1320"]
[PlyCount "24"]
[Result "0-1"]

1.e4 e5 2.Nf3 Nc6 3.Nc3 Bc5 4.Bc4 d6 5.d3 h6 6.O-O 
Bg4 7.Nd5 Nd4 8.Be3 Nxf3+ 9.gxf3 Bh3 10.Re1 Bxe3 
11.fxe3 Qg5+ 12.Kf2 Qg2+ 0-1

[Event "HCL-C188"]
[Site "www.playchess.de"]
[Date "2001.02.15"]
[Round "4"]
[White "patzer"]
[Black "nikolayk"]
[WhiteElo "1205"]
[BlackElo "1401"]
[PlyCount "23"]
[Result "1-0"]

1.e4 e5 2.Nf3 Nf6 3.Nxe5 d6 4.Nf3 Nxe4 5.c4 Qe7 
6.Be2 Bg4 7.O-O Ng5 8.Re1 Nc6 9.Nxg5 Qxg5 10.Bxg4+ 
Ne5 11.d4 Qxg4 12.Qxg4 1-0

[Event "HCL-B057"]
[Site "www.playchess.de"]
[Date "2001.02.15"]
[Round "1"]
[White "jabbaman"]
[Black "csadler"]
[WhiteElo "1234"]
[BlackElo "1034"]
[PlyCount "42"]
[Result "1/2-1/2"]

1.e4 c6 2.d4 d5 3.Nc3 dxe4 4.Nxe4 Bf5 5.Ng3 Bg6 
6.Nf3 Nd7 7.Bc4 Ngf6 8.O-O e6 9.Bg5 Be7 10.Ne5 
Nxe5 11.dxe5 Nd5 12.Bxe7 Qxe7 13.c3 O-O 14.Bd3 
Bxd3 15.Qxd3 f6 16.exf6 Qxf6 17.Rae1 Rad8 18.Qe4 
Rf7 19.Qxe6 Rdf8 20.Qxf6 R7xf6 21.f3 
g6 1/2-1/2

[Event "HCL-B057"]
[Site "www.playchess.de"]
[Date "2001.02.15"]
[Round "2"]
[White "paule"]
[Black "jabbaman"]
[WhiteElo "1564"]
[BlackElo "1234"]
[PlyCount "53"]
[Result "1-0"]

1.e4 g6 2.d4 Bg7 3.Nc3 d6 4.Be3 Nf6 5.Bd3 Bd7 6.f3 
O-O 7.Qd2 b6 8.O-O-O c5 9.dxc5 bxc5 10.e5 Ne8 
11.exd6 exd6 12.Bh6 Be6 13.h4 Nc6 14.h5 Ne5 
15.Bxg7 Nxg7 16.hxg6 Nxd3+ 17.cxd3 fxg6 18.Qh6 Qf6 
19.Qxh7+ Kf7 20.Ne4 Qf4+ 21.Kb1 Rfh8 22.Qxh8 Rxh8 
23.Rxh8 a5 24.Ra8 g5 25.Rxa5 Nf5 26.Nh3 Qg3 
27.Nxg3 1-0

[Event "HCL-B057"]
[Site "www.playchess.de"]
[Date "2001.02.15"]
[Round "3"]
[White "csadler"]
[Black "paule"]
[WhiteElo "1034"]
[BlackElo "1564"]
[PlyCount "62"]
[Result "0-1"]

1.e4 e6 2.d4 d5 3.Nd2 c5 4.exd5 exd5 5.Ngf3 Nc6 
6.Bb5 Bd6 7.O-O Nge7 8.dxc5 Bxc5 9.Nb3 Bd6 10.Re1 
O-O 11.Bxc6 bxc6 12.h3 Re8 13.Bd2 a5 14.a4 c5 
15.Bxa5 Rxa5 16.Nxa5 Qxa5 17.b3 Be6 18.Ng5 Bf5 
19.Qh5 Bg6 20.Qh4 h6 21.Nf3 Bxc2 22.Re3 d4 23.Nxd4 
cxd4 24.Qxd4 Bc5 25.Qc3 Qxc3 26.Rxc3 Bd4 27.Rc1 
Bxc3 28.Rxc2 Nd5 29.g4 Re1+ 30.Kg2 Rb1 31.Re2 
Nf4+ 0-1

[Event "HCL-B057"]
[Site "www.playchess.de"]
[Date "2001.02.15"]
[Round "4"]
[White "jabbaman"]
[Black "Joost"]
[WhiteElo "1234"]
[BlackElo "1500"]
[PlyCount "33"]
[Result "1-0"]

1.e4 c5 2.f4 d6 3.Nf3 e6 4.g3 Be7 5.Bg2 Nf6 6.Nc3 
O-O 7.O-O Nc6 8.d4 cxd4 9.Nxd4 Qb6 10.Be3 Nxd4 
11.Bxd4 Qxb2 12.Nd5 Qa3 13.Nxe7+ Kh8 14.Nxc8 Raxc8 
15.e5 dxe5 16.Bxe5 Nd5 17.Bxd5 1-0

[Event "HCL-B057"]
[Site "www.playchess.de"]
[Date "2001.02.15"]
[Round "5"]
[White "Joost"]
[Black "csadler"]
[WhiteElo "1500"]
[BlackElo "1034"]
[PlyCount "21"]
[Result "1-0"]

1.e4 c6 2.d4 d5 3.exd5 cxd5 4.c4 Nf6 5.Nc3 e6 
6.Bg5 h6 7.Bxf6 Qxf6 8.cxd5 Bb4 9.Qa4+ Bd7 10.Qxb4 
exd5 11.Nxd5 1-0

[Event "HCL-B057"]
[Site "www.playchess.de"]
[Date "2001.02.15"]
[Round "6"]
[White "paule"]
[Black "Joost"]
[WhiteElo "1564"]
[BlackElo "1500"]
[PlyCount "41"]
[Result "1-0"]

1.e4 c5 2.c3 Nf6 3.e5 Nd5 4.d4 Nc6 5.Nf3 cxd4 
6.cxd4 e6 7.Bc4 Bb4+ 8.Bd2 Bxd2+ 9.Nbxd2 Nb6 
10.Rc1 O-O 11.O-O Nxc4 12.Nxc4 b6 13.Nd6 Ba6 
14.Re1 Na5 15.Nd2 Nb7 16.N2e4 Nxd6 17.Nxd6 f6 
18.Re3 fxe5 19.dxe5 Qe7 20.Qa4 Bc8 
21.Rec3 1-0

[Event "HCL-B057"]
[Site "www.playchess.de"]
[Date "2001.02.15"]
[Round "7"]
[White "dogman"]
[Black "jabbaman"]
[WhiteElo "1540"]
[BlackElo "1234"]
[PlyCount "26"]
[Result "0-1"]

1.e4 g6 2.d4 Bg7 3.Nf3 d6 4.Bc4 Bg4 5.Nc3 Nf6 
6.Bg5 Nbd7 7.Qd3 c5 8.dxc5 Bxf3 9.Qxf3 Ne5 10.Bb5+ 
Nfd7 11.cxd6 Nxf3+ 12.gxf3 Bxc3+ 13.bxc3 
Qa5 0-1

[Event "HCL-B057"]
[Site "www.playchess.de"]
[Date "2001.02.15"]
[Round "8"]
[White "csadler"]
[Black "dogman"]
[WhiteElo "1034"]
[BlackElo "1540"]
[PlyCount "44"]
[Result "0-1"]

1.e4 c5 2.b3 Nc6 3.Bb2 d6 4.Bb5 Bd7 5.Nf3 Nf6 
6.Bxf6 gxf6 7.O-O a6 8.Be2 f5 9.Nc3 Bg7 10.Rb1 b5 
11.b4 cxb4 12.Nd5 fxe4 13.Ng5 O-O 14.Bh5 e6 
15.Bxf7+ Rxf7 16.Nxf7 Kxf7 17.Qh5+ Kg8 18.Nf4 Qf6 
19.g3 Qf5 20.Qxf5 exf5 21.Rfe1 Nd4 22.c3 
Nf3+ 0-1

[Event "HCL-B057"]
[Site "www.playchess.de"]
[Date "2001.02.15"]
[Round "9"]
[White "dogman"]
[Black "paule"]
[WhiteElo "1540"]
[BlackElo "1564"]
[PlyCount "22"]
[Result "0-1"]

1.e4 e6 2.d4 d5 3.e5 c5 4.Nf3 Nc6 5.Be3 Qb6 6.Nc3 
Qxb2 7.Na4 Qa3 8.Nxc5 Bxc5 9.dxc5 Nxe5 10.Nxe5 
Qc3+ 11.Qd2 Qxa1+ 0-1

[Event "HCL-B057"]
[Site "www.playchess.de"]
[Date "2001.02.15"]
[Round "10"]
[White "Joost"]
[Black "dogman"]
[WhiteElo "1500"]
[BlackElo "1540"]
[PlyCount "42"]
[Result "0-1"]

1.e4 c5 2.c3 d6 3.d4 cxd4 4.cxd4 Nf6 5.Nc3 g6 
6.Nf3 Bg7 7.Bc4 O-O 8.O-O Bg4 9.h3 Bd7 10.Re1 Nc6 
11.d5 Na5 12.Bd3 Rc8 13.Bd2 Nh5 14.g4 Nf6 15.Rc1 
Nc4 16.Bxc4 Rxc4 17.b3 Rc8 18.g5 Ne8 19.h4 Bg4 
20.Kg2 Qd7 21.Rh1 f6 0-1

[Event "HCL-B057"]
[Site "www.playchess.de"]
[Date "2001.02.15"]
[Round "12"]
[White "pawnd4"]
[Black "csadler"]
[WhiteElo "1944"]
[BlackElo "1034"]
[PlyCount "33"]
[Result "1-0"]

1.d4 Nf6 2.g3 e6 3.c4 b6 4.Bg2 d5 5.Nf3 Bb7 6.cxd5 
Bxd5 7.O-O Bd6 8.Nc3 c6 9.Qd3 O-O 10.e4 Bxe4 
11.Nxe4 Nxe4 12.Qxe4 f5 13.Qxe6+ Kh8 14.Bg5 Qc7 
15.Nh4 Qd7 16.Qxd7 Nxd7 17.Bxc6 1-0

[Event "HCL-B057"]
[Site "www.playchess.de"]
[Date "2001.02.15"]
[Round "14"]
[White "pawnd4"]
[Black "Joost"]
[WhiteElo "1944"]
[BlackElo "1500"]
[PlyCount "23"]
[Result "1-0"]

1.d4 Nf6 2.b3 e6 3.Nf3 c5 4.e3 d5 5.Bd3 Nc6 6.O-O 
cxd4 7.exd4 Bb4 8.a3 Ba5 9.b4 Bb6 10.Nc3 Nxd4 
11.Nxd4 Bxd4 12.Bb5+ 1-0

[Event "HCL-B057"]
[Site "www.playchess.de"]
[Date "2001.02.15"]
[Round "15"]
[White "dogman"]
[Black "pawnd4"]
[WhiteElo "1540"]
[BlackElo "1944"]
[PlyCount "28"]
[Result "0-1"]

1.e4 g6 2.d4 Bg7 3.Nf3 c6 4.Bc4 d5 5.exd5 cxd5 
6.Bb3 Nc6 7.O-O Bg4 8.Be3 e6 9.Ba4 Nge7 10.c3 Qc7 
11.Nbd2 a6 12.h3 Bf5 13.Nh4 b5 14.Nxf5 
gxf5 0-1

[Event "HCL-B057"]
[Site "www.playchess.de"]
[Date "2001.02.15"]
[Round "22"]
[White "jabbaman"]
[Black "ChessHammer"]
[WhiteElo "1234"]
[BlackElo "1076"]
[PlyCount "41"]
[Result "1-0"]

1.e4 e6 2.d4 d5 3.exd5 exd5 4.Nf3 c5 5.dxc5 Bxc5 
6.Bd3 Nf6 7.Bg5 Qb6 8.Qe2+ Be6 9.c4 dxc4 10.Bf5 
Bxf2+ 11.Kf1 Nbd7 12.Bxe6 fxe6 13.Qxf2 Qb5 14.Nc3 
Qb4 15.Re1 Kf7 16.g3 Nc5 17.Ne5+ Ke7 18.Ng4 Nd3 
19.Nd5+ Kf7 20.Nxb4 Nxf2 21.Nxf2 1-0

[Event "HCL-B057"]
[Site "www.playchess.de"]
[Date "2001.02.15"]
[Round "23"]
[White "ChessHammer"]
[Black "csadler"]
[WhiteElo "1076"]
[BlackElo "1034"]
[PlyCount "39"]
[Result "1-0"]

1.e4 c6 2.d4 d5 3.e5 Bf5 4.Nc3 e6 5.g4 Bg6 6.Nge2 
c5 7.h4 cxd4 8.Nxd4 h5 9.g5 Bb4 10.Bd2 Ne7 11.Ncb5 
O-O 12.Bxb4 Qb6 13.Bxe7 Re8 14.Bd6 Nc6 15.c3 Rac8 
16.Rh3 Nxd4 17.cxd4 a6 18.Bc5 Qa5+ 19.b4 Qd8 
20.Nd6 1-0

[Event "HCL-B057"]
[Site "www.playchess.de"]
[Date "2001.02.15"]
[Round "24"]
[White "paule"]
[Black "ChessHammer"]
[WhiteElo "1564"]
[BlackElo "1076"]
[PlyCount "55"]
[Result "1-0"]

1.e4 e6 2.d4 d5 3.Nd2 c5 4.exd5 exd5 5.Bb5+ Nc6 
6.Qe2+ Be6 7.Ngf3 c4 8.O-O Qb6 9.Bxc4 Nxd4 10.Nxd4 
Qxd4 11.c3 Qc5 12.Bb5+ Kd8 13.Nb3 Qc8 14.Re1 Bd6 
15.Nd4 Ne7 16.Bg5 a6 17.Qxe6 fxe6 18.Nxe6+ Qxe6 
19.Rxe6 axb5 20.Rxd6+ Kc7 21.Bxe7 Rhe8 22.Re6 Kd7 
23.Rae1 Rxa2 24.b4 Rc2 25.h3 Rxc3 26.Rd6+ Kc8 
27.Rxd5 Rb3 28.Rc1+ 1-0

[Event "HCL-B057"]
[Site "www.playchess.de"]
[Date "2001.02.15"]
[Round "26"]
[White "dogman"]
[Black "ChessHammer"]
[WhiteElo "1540"]
[BlackElo "1076"]
[PlyCount "41"]
[Result "1-0"]

1.e4 e6 2.Nf3 d5 3.e5 c5 4.d4 cxd4 5.Qxd4 Nc6 
6.Qa4 Bd7 7.Bb5 a6 8.Bxc6 Bxc6 9.Qg4 Qb6 10.O-O 
Be7 11.Qxg7 O-O-O 12.Qxh8 Bb5 13.Re1 Bf8 14.Qxg8 
Bb4 15.Be3 Rxg8 16.Bxb6 Bxe1 17.Nxe1 Bc6 18.Nc3 d4 
19.Ne2 Rg4 20.Rd1 h5 21.Rxd4 1-0

[Event "HCL-B057"]
[Site "www.playchess.de"]
[Date "2001.02.15"]
[Round "27"]
[White "ChessHammer"]
[Black "pawnd4"]
[WhiteElo "1076"]
[BlackElo "1944"]
[PlyCount "52"]
[Result "0-1"]

1.e4 c6 2.d4 d5 3.e5 Bf5 4.Nc3 e6 5.g4 Bg6 6.h4 h5 
7.g5 Bb4 8.Bd2 Ne7 9.Nge2 Nd7 10.Nf4 c5 11.Nb5 
Bxd2+ 12.Qxd2 O-O 13.O-O-O Be4 14.Rg1 cxd4 15.Qxd4 
Nf5 16.Qd2 Nxe5 17.Nxh5 Nf3 18.Nf6+ gxf6 19.gxf6+ 
Kh7 20.Qe2 Nxg1 21.Qh5+ Nh6 22.Qg5 Rg8 23.Qf4 Qb8 
24.Qe3 Ng4 25.Qd2 Nf3 26.Qb4 Qf4+ 0-1